Prokopp Mária: Középkori freskók Gömörben

Bibliographic Details
Main Author: Bodnár, Mónika (Author)
Format: Article
Language:Hungarian
Slovak
ISSN:1335-6410
Subjects:

MARC

LEADER 00000nab a2200000 a 4500
001 vtls001012777
003 SK-MaSNL
005 20260318121534.0
008 040720e20030000xo 0 hun
035 |a RV13377 
040 |a RVGKPD  |b slo  |c RVGKPD  |e AACR2 
041 0 |a slo 
044 |a xo  |c SK 
080 |a 75  |2 1981 
100 1 |a Bodnár, Mónika  |4 aut  |9 409979 
245 1 0 |a Prokopp Mária: Középkori freskók Gömörben 
650 0 7 |a kostoly  |2 RVGKPD  |9 3023 
650 0 7 |a fresky kostolné  |2 RVGKPD  |9 1024186 
650 0 7 |a stredovek  |2 RVGKPD  |9 4259 
650 0 7 |a vydania knižné  |2 RVGKPD  |9 1027390 
651 7 |a Gemer (Slovensko : región)  |2 RVGKPD  |9 173411 
655 7 |a periodikum  |2 snkbucl  |9 29553 
773 0 8 |t Gömörország  |g Roč. 4, č.1 (2003)  |x 1335-6410 
852 |a ZVYKNI  |b KIS3GCP 
999 |c 3229421  |d 3231351